Normal view
MARC view
Entry Personal Name
001 - CONTROL NUMBER
- control field: 264310
003 - CONTROL NUMBER IDENTIFIER
- control field: OSt
005 - DATE AND TIME OF LATEST TRANSACTION
- control field: 20220925202740.0
008 - FIXED-LENGTH DATA ELEMENTS
- fixed length control field: 220925|| aca||aabn | a|a d
040 ## - CATALOGING SOURCE
- Original cataloging agency: OSt
- Transcribing agency: OSt
100 ## - HEADING--PERSONAL NAME
- Personal name: AGARWAL N K
670 ## - SOURCE DATA FOUND
- Source citation: Work cat.: (OSt)544001: AGARWAL N K, Role of family in consumer purchases decisions, 1988
